Orelsan - La fête est finie - Statistiques

Statistiques générales
  • Ce quiz a été pris 308 fois
  • Le résultat moyen est 11 sur 14
Statistiques - réponses
La Fête est finie % Correct
La fête est finie
92%
San
88%
Basique
85%
Défaite de famille
85%
Tout va bien
80%
Christophe
79%
La Pluie
78%
Notes pour trop tard
78%
Paradis
77%
La Lumière
69%
Dans ma ville, on traîne
68%
Zone
67%
Bonne meuf
64%
Quand est-ce que ça s'arrête
54%
Aucun quiz correspondant
Distribution des résultats
% des personnes avec chaque résultat
Percentile par nombre de réponses
Votre historique - résultats
Vous n’avez pas pris ce quiz